Reserve modelling using MS Excel for a portfolio of endowment assurance contracts

Zmiešané poistenie - životné poistenie, pri ktorom sa vypláca poistná suma pri úmrtí poisteného resp. pri dožití sa konca poistnej doby. Modelovanie poistných rezerv pre zvolené portfólio metódou diskontovaných peňažných tokov. Modelové portfólio poistných zmlúv.

Enregistré dans:
Détails bibliographiques
Auteur principal: Bilíková, Mária, 1951-
Autres auteurs: Strešňáková, Anna, 1976-
Format: Chapitre de livre
Langue:slovaque
Sujets:
Tags: Ajouter un tag
Pas de tags, Soyez le premier à ajouter un tag!

MARC

LEADER 00000nla a2200000 4500
001 0236777
005 20240502073828.0
041 0 |a slo 
044 |a SK 
245 1 0 |a Reserve modelling using MS Excel for a portfolio of endowment assurance contracts  |c Mária Bilíková, Anna Strešňáková 
520 |a Zmiešané poistenie - životné poistenie, pri ktorom sa vypláca poistná suma pri úmrtí poisteného resp. pri dožití sa konca poistnej doby. Modelovanie poistných rezerv pre zvolené portfólio metódou diskontovaných peňažných tokov. Modelové portfólio poistných zmlúv. 
610 2 0 |a poistenie životné 
610 2 0 |a poisťovne 
610 2 0 |a rezervy poistné 
610 2 0 |a zmluvy poistné 
610 2 0 |a modelovanie 
100 1 |a Bilíková, Mária, 1951- 
700 1 |a Strešňáková, Anna, 1976-